000 00661nam a2200229Ia 4500
003 OSt
005 20220926005802.0
006 a|||||r|||| 00| 0
007 ta
008 220923b |||||||| |||| 00| 0 eng d
037 _cGeneral Book
040 _aRTL
_cRTL
_beng
041 _2eng
_aeng
082 _aV2:2.N9, P0
100 _aJain Subhash C
245 0 _aConstitution of India
_b A commemorative edition on 50 yerars of constitutions
260 _a New Delhi
_bTaxman India
_c2000
300 _a1068p.
_ccm.
650 _aConstitution India
942 _hV2:2.N9, P0
_cGB
_2CC
999 _c615252
_d615252